| 000 | 00419nam a2200145Ia 4500 | ||
|---|---|---|---|
| 008 | 230917s9999||||xx |||||||||||||| ||und|| | ||
| 040 |
_e65566 _aMAIN |
||
| 041 | _aEnglish | ||
| 082 | _a030.954 I2I(1988-89) | ||
| 100 | _aIndia, Ministry of Information & Broadcasting | ||
| 245 | 0 | _aIndia 1988-89: A reference annual | |
| 260 |
_aIndia _bMinistry of Information & Broadcasting _c1989 |
||
| 300 | _a826 p. | ||
| 942 | _cBK | ||
| 999 |
_c59030 _d59030 |
||